01171cam a2200301 i 4500999001500000001000800015003000700023005001700030008004100047020003800088040002200126042000900148084001800157090001600175100001400191245004800205250001100253260004100264300003300305490003100338490002900369650001900398650002500417830003100442830002900473942001400502952035300516 c7206d72061085768YEEZEN20211209091129.0210820s2021 ch a g 000 0 chi d a9789573337195q(平裝) :cNT$380 aTWTNMbchicTWTNM anbic a192.12ncsclt a192.1b11241 a張德芬10a遇見自在優雅的自己 /c張德芬著 a初版 a臺北市 :b皇冠文化,c2021.05. a255面 :b彩圖 ;c21公分1 a皇冠叢書 ;v第4934種1 a張德芬作品集 ;v7. 7a修身2lcstt. 7a生活指導2lcstt. 0a皇冠叢書 ;v第4934種 0a張德芬作品集 ;v7. 2cclcBOOK 00102ccl4070ayeezenbyeezencYEEZENd2021-12-09l9m5o192.1pC02791r2025-01-03 00:00:00s2024-12-19w2021-12-09yBOOKz沒有不能原諒的事,你只是不肯放過自己。那些情緒裡的刺,都是你藏在心裡的委屈。餘生很長,別再用情緒折磨自己, 只有把自己看懂了,才能做一個優雅自在的人。